[Event "Regionalliga NW 1617"]
[Site "Bayern"]
[Date "2017.02.19"]
[Round "6.2"]
[White "Steinhauser, Thomas"]
[Black "Shashkin, Igor"]
[Result "0-1"]
[WhiteElo "2030"]
[BlackElo "2042"]
[PlyCount "66"]
[EventDate "2016.10.16"]
[EventType "team-tourn"]
[EventRounds "9"]
[EventCountry "GER"]
[SourceTitle "EXT 2019"]
[Source "ChessBase"]
[SourceDate "2018.10.10"]
[SourceVersion "1"]
[SourceVersionDate "2018.10.10"]
[SourceQuality "1"]
[WhiteTeam "Prichsenstadt"]
[BlackTeam "Hof PTSV"]
[WhiteTeamCountry "GER"]
[BlackTeamCountry "GER"]

1. e4 c5 2. d4 cxd4 3. c3 Nf6 4. e5 Nd5 5. Nf3 e6 6. cxd4 Nc6 7. Bd2 Qb6 8. Bc3 Nxc3 9. bxc3 Qb2 10. Nbd2 Qxc3 11. Rc1 Qb2 12. Bc4 Nxd4 13. 0-0 Be7 14. Nxd4 Qxd4 15. Qe2 a6 16. Bd3 b5 17. Qf3 Rb8 18. Qg3 g6 19. Rfd1 Bh4 20. Qf3 Qxe5 21. Re1 Qf6 22. Qe3 Bb7 23. Rc7 Qd8 24. Qc5 Be7 25. Qd4 Bf6 26. Qc5 Bc6 27. Rxc6 dxc6 28. Be4 Be7 29. Bxc6+ Kf8 30. Qe5 Bf6 31. Qe2 Bc3 32. Rd1 Bxd2 33. Rxd2 Qf6 0-1

[Event "Regionalliga NW 1617"]
[Site "Bayern"]
[Date "2017.02.05"]
[Round "5.3"]
[White "Steinhauser, Thomas"]
[Black "Carl, Thomas"]
[Result "1/2-1/2"]
[WhiteElo "2030"]
[BlackElo "1880"]
[PlyCount "74"]
[EventDate "2016.10.16"]
[EventType "team-tourn"]
[EventRounds "9"]
[EventCountry "GER"]
[SourceTitle "EXT 2019"]
[Source "ChessBase"]
[SourceDate "2018.10.10"]
[SourceVersion "1"]
[SourceVersionDate "2018.10.10"]
[SourceQuality "1"]
[WhiteTeam "Prichsenstadt"]
[BlackTeam "Weidhausen"]
[WhiteTeamCountry "GER"]
[BlackTeamCountry "GER"]

1. e4 d6 2. d4 Nf6 3. Nc3 c6 4. f4 Qa5 5. Bd3 e5 6. Nf3 Bg4 7. Be3 Nbd7 8. 0-0 Be7 9. h3 Bxf3 10. Qxf3 exd4 11. Bxd4 Nc5 12. e5 Qb4 13. Qe3 dxe5 14. fxe5 Ng4 15. hxg4 Ne6 16. Ne2 Nxd4 17. c3 Nxe2+ 18. Qxe2 Qc5+ 19. Kh1 h5 20. g5 Bxg5 21. e6 f6 22. Bg6+ Ke7 23. Rf5 Qe3 24. Qc4 Qb6 25. Rd1 Rad8 26. Rd7+ Rxd7 27. exd7 Kxd7 28. Rf3 Kc8 29. Rd3 Rd8 30. Qe6+ Kb8 31. Rxd8+ Qxd8 32. Bxh5 a6 33. Qe8 Qxe8 34. Bxe8 Kc7 35. g4 Kd6 36. Kg2 Bc1 37. b3 g5 1/2-1/2

[Event "Regionalliga NW 1617"]
[Site "Bayern"]
[Date "2016.12.04"]
[Round "3.2"]
[White "Steinhauser, Thomas"]
[Black "Wurm, Alexander"]
[Result "1/2-1/2"]
[WhiteElo "2030"]
[BlackElo "2126"]
[PlyCount "39"]
[EventDate "2016.10.16"]
[EventType "team-tourn"]
[EventRounds "9"]
[EventCountry "GER"]
[SourceTitle "EXT 2019"]
[Source "ChessBase"]
[SourceDate "2018.10.10"]
[SourceVersion "1"]
[SourceVersionDate "2018.10.10"]
[SourceQuality "1"]
[WhiteTeam "Prichsenstadt"]
[BlackTeam "Stetten"]
[WhiteTeamCountry "GER"]
[BlackTeamCountry "GER"]

1. e4 e6 2. Nf3 d5 3. e5 Bd7 4. d4 c5 5. c3 Qb6 6. Bd3 Bb5 7. 0-0 Bxd3 8. Qxd3 Nc6 9. Nbd2 c4 10. Qe2 Nge7 11. b3 cxb3 12. Ba3 bxa2 13. Rxa2 Ng6 14. Bxf8 Nxf8 15. Rb1 Qc7 16. Qb5 Nd7 17. Qxb7 Qxb7 18. Rxb7 Ke7 19. c4 dxc4 20. Nxc4 1/2-1/2

[Event "Milan Palladino Memorial-A 7th"]
[Site "Milan"]
[Date "2015.04.06"]
[Round "6"]
[White "Cerioni, Armando"]
[Black "Steinhauser, Thomas"]
[Result "1/2-1/2"]
[WhiteElo "1951"]
[BlackElo "2110"]
[PlyCount "163"]
[EventDate "2015.04.02"]
[EventType "swiss"]
[EventRounds "7"]
[EventCountry "ITA"]
[SourceTitle "EXT 2017"]
[Source "ChessBase"]
[SourceDate "2016.10.25"]
[SourceVersion "1"]
[SourceVersionDate "2016.10.25"]
[SourceQuality "1"]

1. d4 Nf6 2. c4 c5 3. d5 b5 4. cxb5 a6 5. b6 d6 6. Nf3 g6 7. Nc3 Bg7 8. e4 Nbd7 9. a4 Qxb6 10. Nd2 0-0 11. a5 Qa7 12. Be2 Rb8 13. 0-0 Ne8 14. Nc4 Nc7 15. Na4 Nb5 16. Nab6 Nd4 17. Bd3 Ne5 18. Nxe5 Bxe5 19. f4 Bg7 20. f5 Rxb6 21. axb6 Qxb6 22. Kh1 Bb7 23. fxg6 hxg6 24. Be3 Ra8 25. h4 Qb3 26. Qxb3 Nxb3 27. Ra3 Nd4 28. Bxd4 Bxd4 29. Rb3 Bc8 30. Ra1 Kg7 31. Ra5 Bg4 32. Kh2 Bf2 33. g3 g5 34. Kg2 Be1 35. Ra1 Bb4 36. Rxa6 Rh8 37. Ra1 Bd7 38. hxg5 Bh3+ 39. Kf2 Bg4 40. Bc4 Rh2+ 41. Kg1 Rc2 42. Bf1 Bd2 43. Bg2 Bxg5 44. Rb1 Bf6 45. Rb7 Be2 46. b4 Bd3 47. bxc5 dxc5 48. Kh1 c4 49. Re1 Bc3 50. Rd1 Bf6 51. Re1 Be2 52. e5 Bg5 53. d6 exd6 54. e6 Kf8 55. e7+ Bxe7 56. Rxe7 Kxe7 57. Bf1 Kf6 58. Bxe2 d5 59. Kg2 d4 60. Kf3 d3 61. Bd1 Rb2 62. Ke3 Ke5 63. Bf3 d2 64. Rd1 Rb3+ 65. Ke2 c3 66. Kd3 Ra3 67. Rh1 c2+ 68. Kxc2 Rxf3 69. Kxd2 Rxg3 70. Rh4 f5 71. Ke2 Ra3 72. Kf2 f4 73. Rh8 Ra2+ 74. Kf3 Ra3+ 75. Kf2 Re3 76. Re8+ Kd4 77. Rxe3 fxe3+ 78. Ke2 Ke4 79. Ke1 Kd5 80. Ke2 Kd4 81. Ke1 Kd3 82. Kd1 1/2-1/2

[Event "Milan Palladino Memorial-A 7th"]
[Site "Milan"]
[Date "2015.04.05"]
[Round "5"]
[White "Steinhauser, Thomas"]
[Black "Alm, Christopher"]
[Result "1/2-1/2"]
[WhiteElo "2110"]
[BlackElo "2133"]
[PlyCount "22"]
[EventDate "2015.04.02"]
[EventType "swiss"]
[EventRounds "7"]
[EventCountry "ITA"]
[SourceTitle "EXT 2017"]
[Source "ChessBase"]
[SourceDate "2016.10.25"]
[SourceVersion "1"]
[SourceVersionDate "2016.10.25"]
[SourceQuality "1"]

1. e4 e5 2. Nf3 Nc6 3. Bb5 Nf6 4. 0-0 Nxe4 5. d4 Nd6 6. Bxc6 dxc6 7. dxe5 Nf5 8. Qxd8+ Kxd8 9. h3 Ke8 10. Nc3 Be7 11. b3 b6 1/2-1/2

[Event "Regionalliga NW 1415"]
[Site "Bayern"]
[Date "2015.03.15"]
[Round "8.3"]
[White "Susallek, Markus"]
[Black "Steinhauser, Thomas"]
[Result "1/2-1/2"]
[WhiteElo "1921"]
[BlackElo "2031"]
[PlyCount "51"]
[EventDate "2014.10.19"]
[EventType "team-tourn"]
[EventRounds "9"]
[EventCountry "GER"]
[SourceTitle "EXT 2018"]
[Source "ChessBase"]
[SourceDate "2017.10.13"]
[SourceVersion "1"]
[SourceVersionDate "2017.10.13"]
[SourceQuality "1"]
[WhiteTeam "Moembris"]
[BlackTeam "Prichsenstadt"]
[WhiteTeamCountry "GER"]
[BlackTeamCountry "GER"]

1. Nc3 e5 2. Nf3 Nc6 3. d4 exd4 4. Nxd4 Nf6 5. Bg5 Bb4 6. Nxc6 bxc6 7. Qd4 c5 8. Qe5+ Qe7 9. Qxe7+ Kxe7 10. Bd2 Bb7 11. f3 d5 12. 0-0-0 Rhd8 13. e3 c4 14. e4 dxe4 15. Nxe4 Bxd2+ 16. Nxd2 c3 17. bxc3 Nd5 18. c4 Nc3 19. Re1+ Kf8 20. Bd3 Nxa2+ 21. Kb2 Nb4 22. Kc3 a5 23. Rb1 Bc6 24. Nb3 Na2+ 25. Kb2 Nb4 26. Kc3 1/2-1/2

[Event "Regionalliga NW 1415"]
[Site "Bayern"]
[Date "2015.02.01"]
[Round "6.2"]
[White "Steinhauser, Thomas"]
[Black "Becker, Tobias"]
[Result "1-0"]
[WhiteElo "2031"]
[BlackElo "2111"]
[PlyCount "61"]
[EventDate "2014.10.19"]
[EventType "team-tourn"]
[EventRounds "9"]
[EventCountry "GER"]
[SourceTitle "EXT 2018"]
[Source "ChessBase"]
[SourceDate "2017.10.13"]
[SourceVersion "1"]
[SourceVersionDate "2017.10.13"]
[SourceQuality "1"]
[WhiteTeam "Prichsenstadt"]
[BlackTeam "Kronach"]
[WhiteTeamCountry "GER"]
[BlackTeamCountry "GER"]

1. e4 c5 2. d4 cxd4 3. c3 d3 4. Bxd3 e6 5. c4 Nf6 6. Nc3 d6 7. Nf3 Nbd7 8. 0-0 a6 9. Qe2 Qc7 10. Bg5 Be7 11. Rac1 b6 12. b3 Bb7 13. h3 0-0 14. Nd4 Rac8 15. Bb1 Rfe8 16. Rfd1 Qb8 17. Be3 Bd8 18. Qd2 Bc7 19. Nde2 Qa8 20. f3 Rcd8 21. Bg5 Qa7 22. Kh1 Qa8 23. Bh4 Kh8 24. Qc2 Ne5 25. Bg3 Nfd7 26. Nf4 Nf6 27. Nd3 Ng6 28. Nf4 Nf8 29. Nce2 Rc8 30. Bh4 N8d7 31. e5 1-0

[Event "Regionalliga NW 1415"]
[Site "Bayern"]
[Date "2014.11.23"]
[Round "3.2"]
[White "Steinhauser, Thomas"]
[Black "Soeder, Thomas"]
[Result "1-0"]
[WhiteElo "2031"]
[BlackElo "2024"]
[PlyCount "55"]
[EventDate "2014.10.19"]
[EventType "team-tourn"]
[EventRounds "9"]
[EventCountry "GER"]
[SourceTitle "EXT 2018"]
[Source "ChessBase"]
[SourceDate "2017.10.13"]
[SourceVersion "1"]
[SourceVersionDate "2017.10.13"]
[SourceQuality "1"]
[WhiteTeam "Prichsenstadt"]
[BlackTeam "Bad Neustadt"]
[WhiteTeamCountry "GER"]
[BlackTeamCountry "GER"]

1. e4 c5 2. d4 cxd4 3. c3 dxc3 4. Nxc3 Nc6 5. Nf3 d6 6. Bc4 e6 7. 0-0 Be7 8. Qe2 a6 9. Rd1 Bd7 10. Rd3 Na5 11. Bb3 Nxb3 12. axb3 Rc8 13. Bf4 Qb6 14. Rad1 Bb5 15. Nxb5 Qxb5 16. Nd4 Qa5 17. Qg4 Nf6 18. Qxg7 Rg8 19. Qh6 e5 20. Nf5 exf4 21. Nxd6+ Bxd6 22. Rxd6 Ng4 23. Re6+ fxe6 24. Qxe6+ Kf8 25. Qxc8+ Kg7 26. Qxg4+ Kh8 27. Qxf4 Re8 28. h3 1-0

[Event "Regionalliga NW 1415"]
[Site "Bayern"]
[Date "2014.10.19"]
[Round "1.2"]
[White "Steinhauser, Thomas"]
[Black "Lorenz, Mark"]
[Result "1-0"]
[WhiteElo "2031"]
[BlackElo "2097"]
[PlyCount "84"]
[EventDate "2014.10.19"]
[EventType "team-tourn"]
[EventRounds "9"]
[EventCountry "GER"]
[SourceTitle "EXT 2018"]
[Source "ChessBase"]
[SourceDate "2017.10.13"]
[SourceVersion "1"]
[SourceVersionDate "2017.10.13"]
[SourceQuality "1"]
[WhiteTeam "Prichsenstadt"]
[BlackTeam "Marktleuthen"]
[WhiteTeamCountry "GER"]
[BlackTeamCountry "GER"]

1. e4 c5 2. d4 cxd4 3. c3 d5 4. exd5 Qxd5 5. cxd4 Nc6 6. Nf3 e6 7. Nc3 Qa5 8. Bd3 Nf6 9. 0-0 Be7 10. Bg5 0-0 11. a3 Nxd4 12. Bxh7+ Nxh7 13. Bxe7 Nxf3+ 14. Qxf3 Re8 15. Bh4 Qb6 16. Rfd1 Nf8 17. Ne4 Ng6 18. Nd6 Rf8 19. Bg3 Ne7 20. Nc4 Qb5 21. Bd6 Qxc4 22. Rac1 Qb5 23. Bxe7 Re8 24. Bb4 e5 25. Rc7 Be6 26. Rc5 Qa4 27. Ra5 Qc2 28. Rxe5 Qxb2 29. Bc3 Qb3 30. Rg5 Rad8 31. Rxg7+ Kf8 32. Rg8+ Kxg8 33. Qg3+ Bg4 34. Qxg4+ Kf8 35. Bb4+ Qxb4 36. Qxb4+ Kg7 37. Qc3+ Kh7 38. Rxd8 Rxd8 39. h4 b6 40. Qc7 Rd1+ 41. Kh2 Kg8 42. Qc8+ Kh7 1-0

[Event "Regionalliga NW 1314"]
[Site "Bayern"]
[Date "2014.04.06"]
[Round "9.3"]
[White "Steinhauser, Thomas"]
[Black "Breithut, Kurt Georg"]
[Result "1/2-1/2"]
[WhiteElo "2053"]
[BlackElo "2147"]
[PlyCount "73"]
[EventDate "2013.10.13"]
[EventType "team-tourn"]
[EventRounds "9"]
[EventCountry "GER"]
[SourceTitle "EXT 2015"]
[Source "ChessBase"]
[SourceDate "2014.11.20"]
[SourceVersion "1"]
[SourceVersionDate "2014.11.20"]
[SourceQuality "1"]
[WhiteTeam "Prichsenstadt"]
[BlackTeam "Bamberg"]
[WhiteTeamCountry "GER"]
[BlackTeamCountry "GER"]

1. e4 g6 2. d4 c6 3. Nc3 d5 4. Nf3 Bg7 5. h3 dxe4 6. Nxe4 Nd7 7. Bc4 Ndf6 8. Ng3 Nh6 9. 0-0 0-0 10. Re1 Nf5 11. Nxf5 Bxf5 12. c3 Be4 13. Bg5 Bd5 14. Qe2 Bxc4 15. Qxc4 e6 16. Ne5 Qc7 17. Bf4 Qc8 18. Qb3 Rd8 19. Rad1 Nd5 20. Bg3 Ne7 21. Bh4 Re8 22. Ng4 Nd5 23. c4 Nb6 24. Nf6+ Bxf6 25. Bxf6 Nd7 26. Bg5 Qc7 27. Qc3 f6 28. Bc1 Re7 29. b3 Rae8 30. Ba3 Rf7 31. Re2 Nf8 32. Rde1 Qd7 33. Re4 Rd8 34. Bb2 Re8 35. Ba3 Rd8 36. Bb2 Re8 37. Ba3 1/2-1/2

[Event "Regionalliga NW 1314"]
[Site "Bayern"]
[Date "2013.11.10"]
[Round "2.3"]
[White "Vitek, Vaclav"]
[Black "Steinhauser, Thomas"]
[Result "1/2-1/2"]
[WhiteElo "1943"]
[BlackElo "2053"]
[PlyCount "115"]
[EventDate "2013.10.13"]
[EventType "team-tourn"]
[EventRounds "9"]
[EventCountry "GER"]
[SourceTitle "EXT 2015"]
[Source "ChessBase"]
[SourceDate "2014.11.20"]
[SourceVersion "1"]
[SourceVersionDate "2014.11.20"]
[SourceQuality "1"]
[WhiteTeam "Thiersheim"]
[BlackTeam "Prichsenstadt"]
[WhiteTeamCountry "GER"]
[BlackTeamCountry "GER"]

1. d4 Nf6 2. Bg5 c5 3. d5 Qb6 4. b3 Ne4 5. h4 g6 6. Qd3 Nxg5 7. hxg5 Bg7 8. c3 Na6 9. e4 d6 10. Nf3 Bd7 11. Qd2 Qa5 12. a3 b5 13. Ra2 Rb8 14. Be2 Qb6 15. Qe3 c4 16. Qxb6 Rxb6 17. b4 0-0 18. Nfd2 Nc7 19. a4 a6 20. a5 Rbb8 21. Nf1 e6 22. Ne3 Rbe8 23. 0-0 exd5 24. exd5 Re5 25. Rd1 Rfe8 26. Nd2 Nxd5 27. Ndxc4 Nxc3 28. Nxe5 Bxe5 29. Rc2 Nxd1 30. Bxd1 Bf4 31. Rc7 Bc8 32. g3 Bxe3 33. fxe3 d5 34. Bb3 Be6 35. Kf2 d4 36. Bxe6 dxe3+ 37. Kxe3 Rxe6+ 38. Kd4 Re1 39. Kc5 Rc1+ 40. Kb6 Rc4 41. Rb7 Rxb4 42. Kxa6 Rg4 43. Rxb5 Rxg3 44. Kb7 Ra3 45. a6 f5 46. gxf6 h5 47. a7 h4 48. a8Q+ Rxa8 49. Kxa8 Kf7 50. Kb7 Kxf6 51. Kc6 g5 52. Kd5 Kf5 53. Kd4+ Kf4 54. Kd3 h3 55. Rb8 Kf3 56. Rf8+ Kg3 57. Ke2 h2 58. Rf3+ 1/2-1/2

[Event "Unterfranken-ch M1 61th"]
[Site "Kitzingen"]
[Date "2010.04.07"]
[Round "4"]
[White "Sternheimer, Erhard"]
[Black "Steinhauser, Thomas"]
[Result "1-0"]
[WhiteElo "2124"]
[BlackElo "2057"]
[PlyCount "67"]
[EventDate "2010.04.05"]
[EventType "swiss"]
[EventRounds "9"]
[EventCountry "GER"]
[SourceTitle "EXT 2015"]
[Source "ChessBase"]
[SourceDate "2014.11.20"]
[SourceVersion "1"]
[SourceVersionDate "2014.11.20"]
[SourceQuality "1"]

1. Nf3 Nf6 2. g3 d5 3. Bg2 e6 4. 0-0 Be7 5. d3 0-0 6. Nbd2 b6 7. b3 Bb7 8. Bb2 c5 9. Ne5 Nbd7 10. e4 dxe4 11. Nxe4 Nxe4 12. dxe4 Nxe5 13. Bxe5 f6 14. Bb2 Qxd1 15. Raxd1 Rfd8 16. c4 Kf7 17. f4 Rxd1 18. Rxd1 Rd8 19. Rxd8 Bxd8 20. e5 Bxg2 21. Kxg2 f5 22. Bc1 Be7 23. Kf3 Kg6 24. h3 Bd8 25. Bd2 Be7 26. a3 a5 27. Be1 h5 28. g4 Bf8 29. Bh4 hxg4+ 30. hxg4 b5 31. gxf5+ Kxf5 32. cxb5 c4 33. bxc4 Bxa3 34. Bf2 1-0

[Event "Regionalliga NW 0910"]
[Site "Bayern"]
[Date "2009.10.18"]
[Round "1.3"]
[White "Bittner, Harald"]
[Black "Steinhauser, Thomas"]
[Result "0-1"]
[WhiteElo "1959"]
[BlackElo "2100"]
[PlyCount "90"]
[EventDate "2009.10.18"]
[EventType "team-tourn"]
[EventRounds "9"]
[EventCountry "GER"]
[SourceTitle "EXT 2011"]
[Source "ChessBase"]
[SourceDate "2010.11.26"]
[SourceVersion "1"]
[SourceVersionDate "2010.11.26"]
[SourceQuality "1"]
[WhiteTeam "Bad Neustadt"]
[BlackTeam "Prichsenstadt"]
[WhiteTeamCountry "GER"]
[BlackTeamCountry "GER"]

1. f4 e5 2. fxe5 Nc6 3. Nf3 d6 4. exd6 Nf6 5. dxc7 Qxc7 6. g3 h5 7. d4 Bd6 8. Be3 Ng4 9. Qd2 Nxh2 10. Rxh2 Bxg3+ 11. Rf2 h4 12. Nc3 Bg4 13. Ne4 Bxf2+ 14. Nxf2 Bf5 15. Bh3 Bxh3 16. Nxh3 0-0-0 17. 0-0-0 f6 18. Nf4 Qf7 19. d5 g5 20. Ne6 Qxe6 21. dxe6 Rxd2 22. Rxd2 g4 23. Nh2 g3 24. Nf1 Re8 25. Bg1 Rxe6 26. Kd1 f5 27. e3 Ne5 28. Rg2 Rg6 29. Ke2 Kd7 30. a4 Ke6 31. b3 a5 32. Kd2 Nf3+ 33. Ke2 Ng5 34. Nxg3 Ne4 35. Kf3 hxg3 36. Bh2 Rg4 37. Bxg3 Ng5+ 38. Ke2 Kd5 39. Rg1 Nh3 40. Rd1+ Kc5 41. Bd6+ Kc6 42. c3 Ng5 43. Be5 Rg2+ 44. Kd3 Ne4 45. Rf1 Kd5 0-1

[Event "Unterfranken-ch M1 60th"]
[Site "Obernau"]
[Date "2009.04.17"]
[Round "7"]
[White "Ersoez, Can Hakki"]
[Black "Steinhauser, Thomas"]
[Result "0-1"]
[WhiteElo "1871"]
[BlackElo "2069"]
[PlyCount "64"]
[EventDate "2009.04.13"]
[EventType "swiss"]
[EventRounds "9"]
[EventCountry "GER"]
[SourceTitle "EXT 2015"]
[Source "ChessBase"]
[SourceDate "2014.11.20"]
[SourceVersion "1"]
[SourceVersionDate "2014.11.20"]
[SourceQuality "1"]

1. e4 c5 2. Nf3 e6 3. Qe2 Nc6 4. c3 Nf6 5. g3 Be7 6. Bg2 d6 7. 0-0 0-0 8. d3 Bd7 9. h3 Qc7 10. Na3 a6 11. g4 b5 12. Bf4 e5 13. Bg3 Rab8 14. Nh4 g6 15. f4 exf4 16. Bxf4 Nxg4 17. Nxg6 fxg6 18. hxg4 Ne5 19. d4 Bxg4 20. Qe3 Nd7 21. Rae1 Bh4 22. e5 cxd4 23. Bd5+ Kh8 24. exd6 dxe3 25. dxc7 Bf2+ 26. Kg2 Rbe8 27. Bf7 Bxe1 28. Bxe8 Rxe8 29. Rxe1 e2 30. Nc2 Nc5 31. Bg5 Nd3 32. Kg3 Bc8 0-1

[Event "Unterfranken-ch M1 60th"]
[Site "Obernau"]
[Date "2009.04.16"]
[Round "5"]
[White "Jahrsdoerfer, Gerd"]
[Black "Steinhauser, Thomas"]
[Result "1-0"]
[WhiteElo "2145"]
[BlackElo "2069"]
[PlyCount "97"]
[EventDate "2009.04.13"]
[EventType "swiss"]
[EventRounds "9"]
[EventCountry "GER"]
[SourceTitle "EXT 2015"]
[Source "ChessBase"]
[SourceDate "2014.11.20"]
[SourceVersion "1"]
[SourceVersionDate "2014.11.20"]
[SourceQuality "1"]

1. e4 c5 2. c3 Nf6 3. e5 Nd5 4. Nf3 Nc6 5. d4 cxd4 6. Bc4 Nb6 7. Bb3 g6 8. cxd4 Bg7 9. Bf4 0-0 10. 0-0 d6 11. exd6 exd6 12. h3 d5 13. Nc3 Bf5 14. Ne5 Nc4 15. Nxc6 bxc6 16. Na4 Qh4 17. g4 Be6 18. Kg2 Qf6 19. Be3 Nxe3+ 20. fxe3 Qg5 21. Rf4 Rae8 22. Nc5 Bc8 23. Qf3 f5 24. Kg3 fxg4 25. hxg4 h5 26. Rg1 Bxg4 27. Qf2 Bh6 28. Nd3 Qe7 29. Ne5 Bxf4+ 30. exf4 Qe6 31. Bc2 Bf5 32. Kh2 Rf6 33. Bd1 Kh7 34. Qg3 Re7 35. Qg5 Be4 36. Bg4 hxg4 37. Nxg4 Ref7 38. Rg3 Qf5 39. Rh3+ Kg8 40. Nh6+ Kf8 41. Nxf5 Bxf5 42. Rh8+ Ke7 43. Qh4 Be4 44. Kg3 Kd7 45. Ra8 Kd6 46. Qh8 g5 47. Qb8+ Ke6 48. Qe5+ Kd7 49. Rxa7+ 1-0

[Event "Unterfranken-ch M1 59th"]
[Site "Rieneck"]
[Date "2008.03.28"]
[Round "8"]
[White "Steinhauser, Thomas"]
[Black "Susallek, Markus"]
[Result "1/2-1/2"]
[WhiteElo "2056"]
[BlackElo "1861"]
[PlyCount "35"]
[EventDate "2008.03.24"]
[EventType "swiss"]
[EventRounds "9"]
[EventCountry "GER"]
[SourceTitle "EXT 2015"]
[Source "ChessBase"]
[SourceDate "2014.11.20"]
[SourceVersion "1"]
[SourceVersionDate "2014.11.20"]
[SourceQuality "1"]

1. e4 c5 2. d4 cxd4 3. c3 d3 4. Bxd3 Nc6 5. Nf3 d6 6. Bc4 e6 7. 0-0 Nf6 8. Re1 Qc7 9. Bf4 Be7 10. Na3 a6 11. Qe2 0-0 12. h3 e5 13. Bg5 b5 14. Bb3 Na5 15. Bc2 Be6 16. Nd2 h6 17. Be3 Rad8 18. Red1 1/2-1/2

[Event "Schweinfurt op"]
[Site "Schweinfurt"]
[Date "2007.05.20"]
[Round "6"]
[White "Kuhn, Norbert"]
[Black "Steinhauser, Thomas"]
[Result "0-1"]
[WhiteElo "2156"]
[BlackElo "2071"]
[PlyCount "82"]
[EventDate "2007.05.17"]
[EventType "swiss"]
[EventRounds "7"]
[EventCountry "GER"]
[SourceTitle "CBM 118 Extra"]
[Source "ChessBase"]
[SourceDate "2007.07.04"]
[SourceVersion "1"]
[SourceVersionDate "2007.07.04"]
[SourceQuality "1"]

1. g3 d5 2. Bg2 Nf6 3. d3 c5 4. Nd2 Nc6 5. e3 Bg4 6. Ne2 Qd7 7. h3 Bxe2 8. Qxe2 e5 9. 0-0 Be7 10. Kh2 0-0 11. b3 Rfe8 12. Bb2 Rad8 13. a3 b5 14. Rad1 Qc7 15. c4 a6 16. Ra1 dxc4 17. dxc4 Na5 18. Rad1 Qb8 19. Rb1 Rd7 20. Nf3 Bd6 21. Qc2 Red8 22. Rfd1 Bc7 23. Rxd7 Rxd7 24. cxb5 axb5 25. Qf5 Rd5 26. e4 Rd3 27. Nxe5 Rxb3 28. Ng4 Nxg4+ 29. Qxg4 g6 30. e5 Bxe5 31. Bxe5 Qxe5 32. Rxb3 Nxb3 33. Qd7 c4 34. Bd5 Qf5 35. Qxb5 Qxf2+ 36. Kh1 Qe1+ 37. Kh2 Qe2+ 38. Kh1 Nd2 39. Qd7 Qe1+ 40. Kh2 Nf1+ 41. Kg2 Ne3+ 0-1

[Event "Schweinfurt op"]
[Site "Schweinfurt"]
[Date "2007.05.17"]
[Round "2"]
[White "Barth, Norbert"]
[Black "Steinhauser, Thomas"]
[Result "1/2-1/2"]
[WhiteElo "2263"]
[BlackElo "2071"]
[PlyCount "41"]
[EventDate "2007.05.17"]
[EventType "swiss"]
[EventRounds "7"]
[EventCountry "GER"]
[SourceTitle "CBM 118 Extra"]
[Source "ChessBase"]
[SourceDate "2007.07.04"]
[SourceVersion "1"]
[SourceVersionDate "2007.07.04"]
[SourceQuality "1"]

1. e4 d6 2. d4 Nf6 3. Nc3 c6 4. a4 Nbd7 5. Nf3 e5 6. Bc4 Be7 7. 0-0 0-0 8. Re1 Qc7 9. b3 b6 10. Ba3 Bb7 11. dxe5 Nxe5 12. Bf1 Rad8 13. Bb2 Ng6 14. Nd4 d5 15. exd5 Nxd5 16. Nxd5 Rxd5 17. Qg4 Rg5 18. Qe2 Nf4 19. Qxe7 Nh3+ 20. Kh1 Nxf2+ 21. Kg1 1/2-1/2

[Event "Unterfranken-ch M1 58th"]
[Site "Wuerzburg"]
[Date "2007.??.??"]
[Round "5"]
[White "Jahrsdoerfer, Gerd"]
[Black "Steinhauser, Thomas"]
[Result "1/2-1/2"]
[WhiteElo "2120"]
[BlackElo "2054"]
[PlyCount "71"]
[EventDate "2007.04.09"]
[EventType "swiss"]
[EventRounds "9"]
[EventCountry "GER"]
[SourceTitle "EXT 2015"]
[Source "ChessBase"]
[SourceDate "2014.11.20"]
[SourceVersion "1"]
[SourceVersionDate "2014.11.20"]
[SourceQuality "1"]

1. e4 d6 2. d4 Nf6 3. Nc3 c6 4. Bg5 Nbd7 5. Qd2 Qc7 6. f4 e5 7. Nf3 Be7 8. Bd3 0-0 9. 0-0-0 b5 10. fxe5 dxe5 11. Kb1 exd4 12. Nxd4 Nc5 13. Nf5 Bxf5 14. exf5 Rad8 15. Qf4 Qb6 16. Rhe1 b4 17. Bxf6 Bxf6 18. Ne4 Nxe4 19. Rxe4 c5 20. g4 h6 21. Qg3 Rd4 22. Rxd4 Bxd4 23. h4 c4 24. Bxc4 Bf2 25. Qh2 Rd8 26. Bd3 Qe3 27. g5 Bg3 28. Qh3 Re8 29. gxh6 Qe1 30. Qg4 Qxd1+ 31. Qxd1 Re1 32. Qxe1 Bxe1 33. h7+ Kxh7 34. f6+ Kg8 35. fxg7 Bxh4 36. c3 1/2-1/2

[Event "Unterfranken-ch M1 58th"]
[Site "Wuerzburg"]
[Date "2007.??.??"]
[Round "2"]
[White "Roeder, Hans Martin"]
[Black "Steinhauser, Thomas"]
[Result "1/2-1/2"]
[WhiteElo "2054"]
[BlackElo "2054"]
[PlyCount "120"]
[EventDate "2007.04.09"]
[EventType "swiss"]
[EventRounds "9"]
[EventCountry "GER"]
[SourceTitle "EXT 2015"]
[Source "ChessBase"]
[SourceDate "2014.11.20"]
[SourceVersion "1"]
[SourceVersionDate "2014.11.20"]
[SourceQuality "1"]

1. e4 c5 2. Nf3 e6 3. Nc3 Nc6 4. Be2 Be7 5. d4 cxd4 6. Nxd4 d6 7. 0-0 Nf6 8. Be3 a6 9. f4 Qc7 10. Bf3 Bd7 11. g4 0-0-0 12. g5 Ne8 13. f5 h6 14. g6 Nxd4 15. Qxd4 fxg6 16. fxe6 Bxe6 17. Nd5 Bxd5 18. Qxd5 Nf6 19. Qb3 Nd7 20. Rad1 Bf6 21. Bg4 Kb8 22. Be2 Nc5 23. Qd5 Rhe8 24. Bf4 Nxe4 25. Bf3 g5 26. Bxe4 gxf4 27. Rxf4 Qc5+ 28. Qxc5 dxc5 29. Rxd8+ Rxd8 30. b3 Rd2 31. a4 Ka7 32. h4 c4 33. h5 Rd4 34. Rg4 cxb3 35. cxb3 Rb4 36. Bf5 Rxb3 37. Bg6 Rb2 38. Kf1 b5 39. axb5 Rxb5 40. Ke2 Rd5 41. Rg3 a5 42. Rd3 Rc5 43. Rb3 a4 44. Ra3 Ra5 45. Be8 Re5+ 46. Re3 Rxe8 47. Rxe8 a3 48. Re4 Kb6 49. Ra4 Bb2 50. Kd3 Kb5 51. Ra8 Kc5 52. Ra5+ Kd6 53. Ke4 Kc6 54. Kd3 Kb6 55. Ra4 Kc5 56. Ra8 Kd5 57. Ra5+ Ke6 58. Ke4 Kf6 59. Rf5+ Ke6 60. Ra5 Kf6 1/2-1/2

[Event "Unterfranken-ch M1 57th"]
[Site "Prichsenstadt"]
[Date "2006.04.18"]
[Round "2"]
[White "Golda, Harald"]
[Black "Steinhauser, Thomas"]
[Result "1-0"]
[WhiteElo "2286"]
[BlackElo "2018"]
[PlyCount "71"]
[EventDate "2006.04.17"]
[EventType "swiss"]
[EventRounds "9"]
[EventCountry "GER"]
[SourceTitle "EXT 2015"]
[Source "ChessBase"]
[SourceDate "2014.11.20"]
[SourceVersion "1"]
[SourceVersionDate "2014.11.20"]
[SourceQuality "1"]

1. d4 Nf6 2. Nf3 c5 3. c4 cxd4 4. Nxd4 Nc6 5. Nc3 a6 6. g3 e5 7. Nc2 Bc5 8. Bg2 d6 9. 0-0 Be6 10. b3 h6 11. Ne3 Bd4 12. Bd2 0-0 13. Rc1 Rb8 14. Ned5 Bxd5 15. Nxd5 Nxd5 16. Bxd5 Ne7 17. Bg2 Qc7 18. e3 Ba7 19. b4 Rfd8 20. a4 Qd7 21. Qb3 Qe6 22. Rc2 Rdc8 23. Rfc1 b5 24. axb5 axb5 25. Bd5 Nxd5 26. cxd5 Qd7 27. Qd3 Rxc2 28. Rxc2 Qg4 29. Be1 e4 30. Qd2 Qf5 31. Ra2 Rb7 32. Qc2 Qxd5 33. Qc8+ Kh7 34. Rd2 Rb8 35. Rxd5 Rxc8 36. Rxd6 1-0